The life and travels of St. Paul. (Record no. 5150)

000 -LEADER
fixed length control field 00555nam a2200181 a 4500
001 - CONTROL NUMBER
control field :::00002891$&:&@@
003 - CONTROL NUMBER IDENTIFIER
control field OkBaRHE
005 - DATE AND TIME OF LATEST TRANSACTION
control field 20000607103258.0
008 - FIXED-LENGTH DATA ELEMENTS--GENERAL INFORMATION
fixed length control field j 000 0 eng u
040 ## - CATALOGING SOURCE
Transcribing agency
100 1# - MAIN ENTRY--PERSONAL NAME
Personal name Bedell, G. T.
245 14 - TITLE STATEMENT
Title The life and travels of St. Paul.
260 ## - PUBLICATION, DISTRIBUTION, ETC. (IMPRINT)
Place of publication, distribution, etc Philadelphia, PA., :
Name of publisher, distributor, etc American Sunday-School Union
Date of publication, distribution, etc nd
300 ## - PHYSICAL DESCRIPTION
Extent 197 p. ;
Dimensions 15 cm.
650 ## - SUBJECT ADDED ENTRY--TOPICAL TERM
Topical term or geographic name as entry element Paul, Saint, apostle
942 ## - ADDED ENTRY ELEMENTS (KOHA)
Source of classification or shelving scheme
Koha item type Books
Copies
Full call number Shelving location Damaged status Permanent Location Copy number Withdrawn status Lost status Barcode Date last seen Koha item type Price effective from Source of classification or shelving scheme Date acquired Not for loan
BS 2505 .B38L5General Stacks RHEMA Bible Training College1  28912018-03-16Books2010-04-14 2010-04-14